LEADER 00930nam0-22003011i-450- 001 990001826530403321 005 20021010 035 $a000182653 035 $aFED01000182653 035 $a(Aleph)000182653FED01 035 $a000182653 100 $a20021010d--------km-y0itay50------ba 101 0 $aita 200 1 $aAnalisi chimica dell' acqua potabile della citta di Cagliari$fGiuseppe Missaghi, Michele Coppola. 210 $aCagliari$cTipografia Editrice dell' Avvenire di Sardegna$d1883. 215 $a34 p.$c1 tav.$d27 cm 610 0 $aAcque potabili 676 $a546.22 700 1$aMissaghi,$bGiuseppe$080342 702 1$aCoppola,$bMichele 801 0$aIT$bUNINA$gRICA$2UNIMARC 901 $aBK 912 $a990001826530403321 952 $a60 DONO COMES 23/41$b36502$fFAGBC 959 $aFAGBC 996 $aAnalisi chimica dell' acqua potabile della citta di Cagliari$9413226 997 $aUNINA DB $aING01 LEADER 01670nam0 22003733i 450 001 VAN00239042 005 20241204100719.549 017 70$2N$a9783030340469 100 $a20220203d2020 |0itac50 ba 101 $aeng 102 $aCH 105 $a|||| ||||| 181 $ai$b e 182 $ab 200 1 $aPathways to Demographic Adaptation$ePerspectives on Policy and Planning in Depopulating Areas in Northern Europe$fJosefina Syssner 210 $aCham$cSpringer$d2020 215 $aX, 93 p.$cill.$d24 cm 410 1$1001VAN00236807$12001 $aSpringerBriefs in Geography$1210 $aCham$cSpringer$d2012- 620 $aCH$dCham$3VANL001889 676 $a711$cUrbanistica (Pianificazione territoriale)$v22 676 $a304.2$cAntropologia ecologica. Geografia umana$v22 676 $a910$cGeografia generale$v22 676 $a330.9$cGeografia economica$v22 676 $a304.06$cDemografia$v22 700 1$aSyssner$bJosefina$3VANV195985$0922589 712 $aSpringer $3VANV108073$4650 801 $aIT$bSOL$c20241206$gRICA 856 4 $uhttps://link.springer.com/book/10.1007/978-3-030-34046-9$zE-book - Accesso al full-text attraverso riconoscimento IP di Ateneo, proxy e/o Shibboleth 899 $aBIBLIOTECA DEL DIPARTIMENTO DI SCIENZE E TECNOLOGIE AMBIENTALI BIOLOGICHE E FARMACEUTICHE$1IT-CE0101$2VAN17 912 $fN 912 $aVAN00239042 950 $aBIBLIOTECA DEL DIPARTIMENTO DI SCIENZE E TECNOLOGIE AMBIENTALI BIOLOGICHE E FARMACEUTICHE$d17CONS e-book 2223 $e17BIB2223/315 315 20220203 996 $aPathways to Demographic Adaptation$92070184 997 $aUNICAMPANIA